[Event "Haifa"]
[Site "Haifa"]
[Date "1996.??.??"]
[Round "1"]
[White "Glek, Igor Vladimirovich"]
[Black "Yudasin, Leonid"]
[Result "0-1"]
[WhiteElo "2635"]
[BlackElo "2635"]
[Annotator "Har Zvi,R"]
[PlyCount "70"]
[EventDate "1996.06.??"]
[EventType "tourn"]
[EventRounds "7"]
[EventCountry "ISR"]
[EventCategory "14"]
[SourceTitle "CBM 054"]
[Source "ChessBase"]
[SourceDate "1996.10.01"]
[SourceVersion "1"]
[SourceVersionDate "1996.10.01"]
[SourceQuality "1"]

{This game which was played on the first round really decided the tournament,
Glek played very good and got a winning position but then in a serious time
trouble lost in one move,but was still able to take the second place} 1. e4 {
Glek Blatny,P} e5 2. Nf3 Nc6 3. Nc3 Nf6 4. g3 {Glek is the leading GM in the
world who is playing this opening so often} Nd4 5. Bg2 Nxf3+ 6. Qxf3 (6. Bxf3
Bb4 (6... Bc5 7. d3 c6 8. O-O d6 9. Bg2 Bg4 10. Qe1 Qd7 11. Na4 $14 {Glek,
I-Rizouk,A Biel op 1995 1-0 18}) 7. O-O d6 8. d4 Bxc3 (8... exd4 9. Qxd4 Bc5
10. Qd3 O-O 11. Na4 $14) (8... Bh3 9. Re1 O-O $13) 9. bxc3 O-O 10. Bg2 Re8 11.
Qd3 b6 (11... Qe7) (11... Qe7 {Blatny,P}) 12. f4 h6 13. Bb2 Bb7 14. Rae1 Qe7
15. Ba3 $1 c5 16. d5 $40 {Glek,I-Frog,I Rus-ch Elista 1995 1-0 29}) 6... Bc5 (
6... d6 7. d3 c6 8. Qe2 Be7 9. O-O O-O 10. Kh1 Nd7 11. f4 exf4 12. Bxf4 Ne5 13.
Rae1 Bg4 14. Qd2 Qd7 $13 {Vasjukov,E-Bronstein,D Moscow-ch 1981 1-2/1-2 36}) 7.
h3 h6 8. d3 d6 9. Na4 Bb4+ 10. c3 Ba5 11. b4 Bb6 12. Qe2 $1 {prepering f4 /
\f4-f5->} O-O 13. f4 exf4 14. gxf4 Re8 15. Nxb6 axb6 16. O-O d5 17. Qc2 {
really the only move since after 17.e5? black playes 17...Bf5 when white
advanced pawns are just weak,it is important for white to put his pawn in the
center on e4-f5 making the c8 bishop very bad and the c1 bishop very good} (17.
e5 {Blatny,P} Bf5 $1) 17... dxe4 18. dxe4 c6 $2 {a mistake after 18...Qe7! it
seems that white is forced to play e5 [ since after 19.Re1?? Bf5 black is
winning ] and black wants white to play e5,after 18...c6? white is not forced
to play e5 after Qe7} (18... Qe7 $142 $1 {Blatny,P} 19. e5 $15 (19. Re1 Bf5 $1)
) 19. Bb2 Qe7 20. f5 $1 {now white can play this strong,when black of course
can not take on e4,and it is already clear that c4 is white's main plan
opening the a1-h8 diagonal,and another question is where to put the c8 bishop?
/\c4,/^b2-g7} Nd7 (20... Nxe4 $2 21. Rae1) 21. a3 {defending the b4 in order
to play c4 opening the long diagonal for the bishop /\c4,/^b2-g7} b5 22. c4
bxc4 23. Qxc4 Ne5 24. Qb3 Qh4 25. Rad1 $1 {black's position is very difficult
he can not develop his pieces right now and has to find a place where to put
his bishop} b6 (25... b5 {this is maybe the best move,but that means that
black's position is very bad}) (25... b5 {Blatny,P}) 26. a4 $1 {not giving a
place for the bishop also on a6} Ba6 (26... Bb7 27. f6 $1 {winning,when ever
black's bishop leaves the c8-h3 diagonal white playes f6}) 27. b5 cxb5 28. axb5
Bb7 {[#]} 29. f6 $3 {white is winning,after 29.Bxe5 Rxe5 30.Rd7 black has 30...
Re7 but now if he takes the f6 pawn he will not be able to play Re7 ,and white
of course is also threatening simply to take on g7,but this day the luck was
on Yudasin's side!} (29. Bxe5 {Blatny,P} Rxe5 30. Rd7 Re7) 29... Bxe4 30. Rd4
$1 Ng6 31. fxg7 (31. Rd7 {Blatny,P} Re6 32. Qxe6 $1 fxe6 33. f7+ Kf8 (33... Kh8
34. Bxg7+ Kh7 35. Bf6 Nf8 36. Bxh4 Bxg2 37. Rfd1 Bd5 (37... Nxd7 38. Rxd7 $18 {
/\f8Q,Kg2}) 38. Rd8 $18) (33... Kh7 34. f8=Q Rxf8 35. Rxg7+ Kh8 36. Rxf8+ Nxf8
37. Rg4+ Kh7 38. Bxe4+ Ng6 39. Bxg6+ Kg8 40. Rxh4 $18) 34. Bxg7+ Kxg7 35. f8=Q#
) 31... Nf4 (31... Ra7 32. Qc4 {winning} (32. Rxe4 Rxe4 33. Bf6) (32. Qc4 {
Blatny,P} Rae7 33. Rxe4 {צe8,Pf7})) 32. Rxe4 Rxe4 33. Bxe4 Re8 (33... Nxh3+ {
Blatny,P} 34. Kg2 Qxe4+ 35. Kxh3 Qg6 36. Qd5) 34. Bg2 (34. Qf3 {Blatny,P} Nxh3+
35. Kg2 Ng5) 34... Re2 {[#]} 35. Rxf4 $4 {an unbelieveable mistake,destroying
a good game in one move after 35.Kh1 black has nothing better than resign
immediately but now he is winning!!} (35. Kh1 Rxg2 (35... Qg5 {Blatny,P} 36.
Bc6) 36. Rxf4 Qxf4 37. Kxg2 Qg5+ (37... Qd2+ 38. Kf3) 38. Qg3 Qd2+ 39. Qf2 Qd5+
40. Kh2 Qd6+ 41. Kg1 Qd1+ 42. Qf1) 35... Qxf4 {and white resigned} 0-1

[Event "ISR-ch"]
[Site "Tel Aviv"]
[Date "2002.12.01"]
[Round "7"]
[White "Vydeslaver, Alik"]
[Black "Postny, Evgeny"]
[Result "1-0"]
[WhiteElo "2434"]
[BlackElo "2497"]
[Annotator "Hecht,H"]
[PlyCount "121"]
[EventDate "2002.11.24"]
[EventType "swiss"]
[EventRounds "9"]
[EventCountry "ISR"]
[SourceTitle "CBM 093"]
[Source "ChessBase"]
[SourceDate "2003.04.01"]
[SourceVersion "1"]
[SourceVersionDate "2003.04.01"]
[SourceQuality "1"]

1. e4 e5 2. Nf3 Nc6 3. Nc3 Nf6 4. d4 exd4 5. Nxd4 Bb4 6. Nxc6 bxc6 7. Bd3 d5 8.
exd5 Qe7+ 9. Qe2 Qxe2+ 10. Kxe2 cxd5 11. Nb5 Kd8 12. Rd1 c6 13. Nd4 Kc7 14.
Bf4+ Bd6 15. Bxd6+ Kxd6 16. c4 Re8+ 17. Kf1 Bd7 18. b4 Rab8 19. Rab1 Ng4 20. h3
Ne5 21. c5+ Kc7 22. Ba6 Ng6 23. a3 Ne7 24. Re1 Nf5 25. Nb3 h5 26. Bd3 h4 27.
Rxe8 Rxe8 28. Re1 Rxe1+ 29. Kxe1 {[#] Bauernmehrheit am Damenflügel und etwas
bessere weiße Leichtfiguren.} Ne7 30. Nd4 g5 31. f4 g4 $2 (31... gxf4 $11) 32.
f5 $1 {Deckt h3, markiert h4 als Schwäche und gewinnt Raum.} gxh3 33. gxh3 Kd8
34. Kf2 Ng8 35. Kf3 Ke7 36. Kf4 Kf6 37. Nf3 Ne7 38. Nxh4 Bc8 39. Bb1 Bd7 40.
Bc2 Bc8 41. Bd3 Bd7 42. a4 Bc8 43. b5 cxb5 44. axb5 Bd7 45. Ke3 $18 d4+ 46.
Kxd4 Kg5 47. Nf3+ Kf4 48. Ne5 Bxf5 49. h4 (49. Nxf7 $142 {mit eindeutigem
Ausgang}) 49... Be6 50. Nc6 $5 Nc8 (50... Nxc6+ 51. bxc6 Bc8 52. c7 $18) 51.
Bc4 Bd7 52. Ne5 Be8 53. Nxf7 Ne7 54. Nd6 Bd7 55. Bf7 Bg4 56. h5 Kg5 57. Ke5 Bf3
58. h6 Kxh6 59. Kf6 Nd5+ 60. Bxd5 Bxd5 61. c6 1-0

[Event "Odorheiu Secuiesc zt"]
[Site "Odorheiu Secuiesc"]
[Date "1995.??.??"]
[Round "7"]
[White "Delchev, Aleksander"]
[Black "Almasi, Zoltan"]
[Result "0-1"]
[WhiteElo "2450"]
[BlackElo "2590"]
[Annotator "Hecht,H"]
[PlyCount "177"]
[EventDate "1995.03.??"]
[EventType "swiss"]
[EventRounds "9"]
[EventCountry "ROU"]
[SourceTitle "CBM 047"]
[Source "ChessBase"]
[SourceDate "1995.08.01"]
[SourceVersion "1"]
[SourceVersionDate "1995.08.01"]
[SourceQuality "1"]

1. e4 e5 2. Nf3 Nc6 3. Nc3 Nf6 4. g3 d5 5. exd5 Nxd5 6. Bg2 Nxc3 7. bxc3 Bc5 8.
O-O O-O 9. Re1 Re8 10. d4 exd4 11. Rxe8+ Qxe8 12. cxd4 Bb6 13. Qd3 Bg4 14. Ng5
Qe1+ 15. Bf1 g6 16. Bb2 Qe7 17. h4 h6 18. Ne4 Nb4 19. Ba3 Bf5 20. Bxb4 Qxb4 21.
c3 Bxe4 22. cxb4 Bxd3 23. Bxd3 Rd8 24. Rd1 Rxd4 25. b5 {RB<->RB. Ungleiche B.}
(25. a3 $1 c5 26. Be2 Re4 27. Bf3) 25... Ra4 26. Rd2 Ra3 27. h5 g5 28. g4 Ba5
29. Rd1 Rxa2 30. Kf1 {S hat 2 blockierte Mehrbauern.Lavieren und Aktivierung
des sK führt zum Gewinn.} Bb6 31. Be2 Ra4 32. Rd3 Rf4 33. f3 a6 34. bxa6 bxa6
35. Rd8+ Kg7 36. Bxa6 Rxf3+ 37. Ke2 Rf2+ 38. Ke1 Ra2 39. Bd3 Ba5+ 40. Kf1 Rd2
41. Rd7 Kf8 42. Bf5 Rb2 43. Rd5 Bb6 44. Re5 Bd4 45. Re2 Rb3 46. Re4 c5 47. Ke2
Rc3 48. Kd2 Kg7 49. Re7 Rf3 50. Bd3 Kf6 51. Re2 Rg3 52. Re4 Kg7 53. Bc4 Kf6 54.
Ba6 Bc3+ 55. Kc2 Be5 56. Bc8 Rc3+ 57. Kd2 Bd4 58. Ke2 Kg7 59. Kd2 Kf8 60. Bd7
Ra3 61. Bf5 Rc3 62. Bd7 Rg3 63. Kc2 Rf3 64. Re8+ Kg7 65. Re7 Bc3 66. Bc8 Bb4
67. Bd7 Rf2+ 68. Kb3 Rf4 69. Re2 Ba5 70. Rc2 Bb6 71. Re2 Kf6 72. Re8 Bc7 73.
Rc8 Bd6 74. Rc6 Ke5 75. Bc8 Kd5 76. Rb6 c4+ 77. Ka4 Kc5 78. Rb5+ Kd4 79. Rb6
Rf1 80. Rc6 (80. Rxd6+ Kc5 $19) 80... Ra1+ 81. Kb5 Rb1+ 82. Ka6 Bc5 83. Rxh6 c3
84. Bf5 Rf1 85. Bc2 Rf2 86. Bb1 c2 87. Bxc2 Rxc2 88. Rh8 Ke4 89. h6 0-1

[Event "Lee Cup 4th"]
[Site "Beijing"]
[Date "1997.09.02"]
[Round "9"]
[White "Xu, Yuhua"]
[Black "Yin, Hao"]
[Result "1/2-1/2"]
[WhiteElo "2335"]
[BlackElo "2410"]
[Annotator "Hecht,H"]
[PlyCount "102"]
[EventDate "1997.08.23"]
[EventType "swiss"]
[EventRounds "11"]
[EventCountry "CHN"]
[SourceTitle "CBM 061"]
[Source "ChessBase"]
[SourceDate "1997.11.23"]
[SourceVersion "1"]
[SourceVersionDate "1997.11.23"]
[SourceQuality "1"]

1. e4 e5 2. Nf3 Nc6 3. Nc3 Nf6 4. g3 Bb4 5. Bg2 d6 6. d3 Bg4 (6... h6 7. O-O
Ne7 8. d4 Bxc3 9. bxc3 Ng6 10. Ba3 Qd7 11. dxe5 dxe5 12. Qc1 Qe6 13. Rb1 b6 14.
Ne1 Bb7 15. Nd3 Bxe4 16. f4 Bxg2 17. f5 Qd5 18. c4 Qe4 19. Rf2 Nh4 20. gxh4 Bh3
21. Qe1 O-O-O 22. Nxe5 Rhe8 23. Bb2 Qxh4 24. Rf3 Qg5+ 25. Qg3 Ne4 26. Nxf7
Qxg3+ 27. hxg3 Rd2 28. Ne5 Rg2+ 29. Kh1 Nd2 {0-1 Glek,I-Onischuk,A/Hoogovens
1997/CBM 57/[Tsesarsky]}) 7. h3 Bh5 8. O-O Qd7 (8... h6 9. Nd5 Nxd5 10. exd5
Ne7 11. c3 Bc5 12. g4 Bg6 13. d4 exd4 14. Nxd4 O-O 15. Be3 Qd7 16. Qd2 Rae8 17.
Rae1 Nc8 18. b4 Bxd4 19. Qxd4 Qb5 20. Rd1 Nb6 21. Rfe1 Qa4 22. Rd2 Re7 23. Rde2
Ree8 24. a3 Qb5 25. Rd2 Qc4 26. Bf1 Qb3 27. f3 Re5 28. c4 Rfe8 29. Kf2 Qxa3 30.
Qb2 Qxb2 31. Rxb2 Na4 32. Rb3 Bc2 33. Ra3 Nb2 34. Be2 a6 35. Bd2 R5e7 36. Rc3
Rxe2+ 37. Rxe2 Nd1+ 38. Ke1 Rxe2+ 39. Kxe2 Nxc3+ 40. Bxc3 Bb3 41. Kd3 f6 42.
Kd4 Kf7 43. Be1 {Ioseliani,N-Gaprindashvili,N/Tbilisi csfW 1980/MCD-ma/1/2-1/2
(53)}) 9. Bg5 Bxc3 10. bxc3 h6 11. Bxf6 gxf6 12. Nxe5 fxe5 13. Qxh5 O-O-O 14.
Kh2 Kb8 15. f4 Rdg8 16. Qf5 Qe8 17. fxe5 Rg5 18. Qxf7 Qxe5 19. Qf4 Qxc3 20. Qf6
Qxf6 21. Rxf6 a6 22. Rf5 Rg6 23. c3 Rhg8 24. g4 Ne5 25. d4 Nxg4+ 26. hxg4 Rxg4
27. Rf2 Rh4+ 28. Kg1 Rxe4 29. Rf8+ Rxf8 30. Bxe4 Re8 31. Bg2 c6 32. Kf2 Kc7 33.
Re1 Rxe1 34. Kxe1 {White's poor pawn potential as well as Black's outside
passed h-pawn and the threat of exchanging pawns appears to make a White win
difficult or even impossible. Das geringe weiße Bauernpotential sowie der
entfernte schwarze h-Freibauer und die Bauerntauschdrohungen scheinen einen
weißen Gewinn schwierig oder sogar unmöglich zu machen.} Kb6 35. Kd2 (35. Bf3
Kb5 36. Bd1 {is, in my opinion, a more serious winning try. Black's h-pawn is
stopped early on and the activity of Black's king is limited. Can Black
sacrifice his h-pawn? ist m.E. ein ernsthafter Gewinnversuch. Der schwarze
h-Bauer wird früzeitig gestoppt und die Aktivitäten des schwarzen Königs
eingegrenzt. Kann Schwarz seinen h-Bauern opfern?} h5 $5 37. Bxh5 Ka4 38. Bd1+
(38. Bg4 {intending Bc8 is well-suited to refute Black's idea. mit der Absicht
Lc8 ist geeignet, die schwarze Idee zu wiederlegen.}) 38... Ka3 39. Bb3 {
and now two examples as an illustration of the double-edged possibilities: und
nun zwei Beispiele zur Illustration der beiderseitigen Möglichkeiten:} a5 (
39... c5 40. dxc5 dxc5 41. Kd2 b5 42. c4 b4 43. Kc1 a5 44. Kb1 a4 45. Bd1 b3
46. axb3 axb3 47. Be2 b2 $11) (39... Kb2 40. Kd2 b5 $5) 40. d5 c5 41. c4 a4 42.
Bd1 Kb4 43. Be2 Ka3 44. Kd2 Kxa2 45. Kc2 Ka3 46. Kc3 Ka2 47. Bd1 a3 48. Kc2 Ka1
49. Kc1 Ka2 50. Ba4 Ka1 51. Bb3 $18) 35... Kb5 36. Kc2 Ka4 37. Kb2 h5 38. Bh3
b5 39. Bc8 Ka5 (39... a5 $2 40. Bd7 c5 41. dxc5 dxc5 42. c4 $18) 40. Kc2 Kb6
41. Kd3 a5 42. a3 h4 43. Bh3 c5 44. d5 a4 45. Kc2 Ka5 46. Kb2 Kb6 47. Bg4 Ka5
48. Bd7 b4 (48... Kb6 49. c4 bxc4 50. Kc3 $1 (50. Bxa4 h3 51. Bc2 h2 52. Be4
Ka5 $11) 50... Ka5 51. Kxc4 Kb6 52. Kd3 (52. Bxa4 h3 53. Bc2 h2 54. Be4 Ka5 55.
Kb3 Kb5 56. a4+ Ka5 57. Bf3 Kb6 $11) 52... Kc7 53. Bh3 Kb6 54. Bf1 Kb5 55. Ke4+
c4 (55... Kb6 56. Bc4 h3 57. Kf3 $18) 56. Kd4 $18) 49. axb4+ cxb4 50. Bh3 Kb5
51. Bf1+ Kc5 1/2-1/2

[Event "EU-Cup 19th"]
[Site "Rethymno"]
[Date "2003.09.28"]
[Round "1.2"]
[White "Paehtz, Elisabeth"]
[Black "Tkachiev, Vladislav"]
[Result "0-1"]
[WhiteElo "2417"]
[BlackElo "2654"]
[Annotator "Hecht,H"]
[PlyCount "114"]
[EventDate "2003.09.28"]
[EventType "team-swiss"]
[EventRounds "7"]
[EventCountry "GRE"]
[SourceTitle "CBM 098"]
[Source "ChessBase"]
[SourceDate "2004.02.03"]
[SourceVersion "1"]
[SourceVersionDate "2004.02.03"]
[SourceQuality "1"]
[WhiteTeam "Heraklion OAA"]
[BlackTeam "Skopje"]
[WhiteTeamCountry "GRE"]
[BlackTeamCountry "MKD"]

1. e4 e5 2. Nf3 Nc6 3. Nc3 Nf6 4. d4 exd4 5. Nxd4 Bb4 6. Nxc6 bxc6 7. Bd3 d5 8.
exd5 O-O 9. O-O cxd5 10. Bg5 c6 11. Qf3 Be7 12. Rfe1 Re8 13. Na4 h6 14. Bxf6
Bxf6 15. Rxe8+ Qxe8 16. c4 Qe5 17. Rd1 Be6 18. b3 Rc8 19. cxd5 cxd5 20. Qe3
Qxe3 21. fxe3 Bg4 22. Re1 Bh4 23. g3 Be7 24. Kg2 Ba3 25. Rf1 g6 26. Rf2 Re8 27.
Nc3 Re5 28. e4 dxe4 29. Nxe4 Kg7 30. Bc4 f5 31. Nc3 g5 32. Rd2 f4 33. gxf4 gxf4
34. Rd4 f3+ 35. Kg3 Bh5 36. Rd7+ Kf8 37. Rd8+ Ke7 38. Rd5 Bd6 39. Kf2 Bc5+ 40.
Kg3 Bd6 41. Kf2 Bg4 42. Rxe5+ Bxe5 {Läuferpaar mit Freibauer} 43. Nd5+ ({
Eine Alternative bestand in} 43. Ne4 Bxh2 44. Nd2 {also Bauernreduktion,...})
43... Kd6 44. Ne3 Bd7 45. h4 ({...was auch hier noch möglich war} 45. Kxf3 Bxh2
46. Ng4 Bc6+ 47. Ke3 Bg1+ 48. Kf4 h5 49. Nh6 {[%csl Rh5][%cal Gh6f5,Gf4g5,
Rd6c5,Rc5b4,Rb4a3] Freilich könnte sich die Abwesenheit von König und Springer
am Damenflügel negativ bemerkbar machen.}) 45... Bf6 46. h5 (46. Kxf3 Bxh4 47.
Ke4 {wirkt schon weniger überzeugend}) 46... Bc6 47. Kg3 (47. Nf5+ Ke5 48. Nxh6
Kf4 $19) 47... Be5+ 48. Kg4 Bd4 $6 (48... Kc5 $1 49. Nf5 (49. Bf1 $142) 49...
Bd7 $140 50. Bd3 f2 {kostet eine Figur}) 49. Nf5+ Ke5 50. Nxh6 Ke4 51. Kg3 $2 {
Zu passiv - schade! Die Fortsetzung des Husarenrittes lag nahe.} (51. Nf7 $1 f2
52. h6 $132) 51... Be5+ 52. Kf2 Kf4 53. Nf7 Bd4+ 54. Ke1 f2+ 55. Ke2 Bg2 56.
Kd2 Be3+ 57. Kd1 Bf3+ (57... Bf3+ 58. Kc2 Bd5 $19) 0-1

[Event "Interpolis"]
[Site "Tilburg"]
[Date "1992.10.15"]
[Round "3.2"]
[White "Dreev, Alexey"]
[Black "Jussupow, Artur"]
[Result "1/2-1/2"]
[WhiteElo "2590"]
[BlackElo "2640"]
[Annotator "Jussupow,A"]
[PlyCount "107"]
[EventDate "1992.10.08"]
[EventType "k.o."]
[EventRounds "7"]
[EventCountry "NED"]
[SourceTitle "CBM 032"]
[Source "ChessBase"]
[SourceDate "1993.02.01"]
[SourceVersion "1"]
[SourceVersionDate "1993.02.01"]
[SourceQuality "1"]

1. e4 e5 2. Nf3 Nf6 3. Nc3 Nc6 4. d4 exd4 5. Nxd4 Bb4 6. Nxc6 bxc6 7. Bd3 d5 8.
exd5 cxd5 9. O-O O-O 10. Bg5 c6 11. Na4 h6 12. Bh4 Rb8 $146 13. c3 Bd6 14. Bc2
{/\Qd4,><c5} c5 $1 15. Qd3 (15. Bxf6 Qxf6 16. Qxd5 Bb7 (16... Rd8 17. Qe4 g6
$44) 17. Qd3 $1 g6 $44) 15... g6 16. b3 Kg7 (16... Bf5 17. Qd2 Bxc2 18. Qxc2
$14) 17. Rad1 Re8 (17... Bb7) 18. Bxf6+ Qxf6 19. Qxd5 Rd8 20. Qf3 $14 Qxf3 21.
gxf3 Bh3 22. Rfe1 Bf8 23. c4 (23. Nb2) (23. Bd3 {/\Bf1}) 23... Rxd1 24. Rxd1
Re8 25. Nc3 Re5 26. f4 Re6 27. Be4 Rd6 28. Bd5 Rf6 29. Rd3 Bc8 30. Ne2 Bd6 {
><f4} 31. Re3 Kf8 32. Bc6 Be6 33. Re4 Kg7 34. f3 Bf5 35. Re3 Bxf4 36. Nxf4 Rxc6
$10 37. Nd5 Be6 38. Nc3 g5 39. Rd3 Kf6 40. Kf2 Ke5 (40... Ke7) 41. Rd8 f5 42.
Ne2 $5 {Nc1-d3} Rd6 43. Ra8 $1 a6 44. Ra7 Bd7 45. Rc7 Bc6 46. Re7+ Re6 47. Ra7
Be8 48. a4 f4 49. a5 Bg6 50. Nc3 Kd4 51. Na4 Be8 $1 $15 52. Nb6 Kd3 53. Rxa6
Re2+ 54. Kf1 1/2-1/2

[Event "Munich SKA"]
[Site "Munich"]
[Date "1992.??.??"]
[Round "5"]
[White "Lutz, Christopher"]
[Black "Jussupow, Artur"]
[Result "0-1"]
[WhiteElo "2540"]
[BlackElo "2655"]
[Annotator "Jussupow,A"]
[PlyCount "120"]
[EventDate "1992.05.??"]
[EventType "tourn"]
[EventRounds "11"]
[EventCountry "GER"]
[EventCategory "14"]
[SourceTitle "CBM 030"]
[Source "ChessBase"]
[SourceDate "1992.10.01"]
[SourceVersion "1"]
[SourceVersionDate "1992.10.01"]
[SourceQuality "1"]

1. e4 e5 2. Nf3 Nf6 3. Nc3 Nc6 4. d4 exd4 5. Nxd4 Bb4 6. Nxc6 bxc6 7. Bd3 d5 8.
exd5 cxd5 9. O-O O-O 10. Bg5 c6 11. Ne2 h6 12. Bh4 Bd6 13. Nd4 c5 14. Nf5 (14.
Nb5 $5) (14. Nf3 Bg4 15. h3 Bh5 16. Re1 {Uhlmann}) 14... Bxf5 {N} (14... Be5
15. c3 $10 {Ljubojevic-Nikolic,Pr/Wijk/1988/}) 15. Bxf5 Rb8 16. b3 $2 (16. Rb1
Rb4 17. Bg3 $10 {/\c3}) (16. Bxf6 Qxf6 17. Qxd5 Rfd8 18. Qf3 Be5 19. Rad1 $15 (
19. Be4 Qxf3 20. Bxf3 Rxb2 $17 (20... Rd2 $17))) 16... Be5 17. Rb1 Qd6 18. Bg3
$6 (18. Bxf6 Qxf6 (18... Bxh2+ 19. Kh1 Qxf6 20. Qxd5 Be5 $15) 19. Qf3 $15)
18... Bxg3 19. hxg3 Rfe8 $17 {><f5; <->e} (19... Qe5 20. Bd3 (20. Qf3 Rfe8 $17)
20... Rfe8 $17) 20. Re1 (20. Qd2 $5 Qe5 (20... Re5 21. Bd3 Rbe8 22. Rbe1 Qe7
$17) 21. g4 $17 (21. Bd3 $2 Ng4 $19 {/\Qh5}) 21... g6 $140 22. Rbe1 Qd4 23.
Qxh6 gxf5 24. Qg5+ Kh8 25. Rd1) 20... Rxe1+ 21. Qxe1 Re8 22. Qd2 Qe5 {<->e} 23.
Qf4 Qc3 24. Rf1 (24. Bd3 $142 h5 25. f3 $17) 24... g6 (24... c4 $5 $17 25. bxc4
dxc4 26. Rb1 (26. Rd1 g6 27. Bd7 Re1+) 26... g6 27. Qxh6 gxf5 28. Qg5+ Kh8) 25.
Bd3 Kg7 26. f3 a5 27. g4 c4 $5 (27... g5 28. Qg3 (28. Qf5 Qd4+ (28... c4 29.
bxc4 Qd4+ 30. Kh1 dxc4 31. Be4 Re5 32. Qc8 Nxe4 33. fxe4 Rxe4 $17) 29. Kh1 Re5
30. Qc8 h5 $40) (28. Qc7 Qd4+ 29. Kh2 h5 $19) 28... c4 29. Bf5 Re2 30. Kh2 $17)
(27... Re5 $5 $17 {/\h5 Uhlmann}) 28. bxc4 g5 29. Qc7 (29. Qg3 dxc4 30. Bf5 Nd5
$19 (30... Qd2 {Uhlmann})) 29... Qd4+ 30. Kh2 $1 (30. Rf2 Re1+ 31. Bf1 Rxf1+
32. Kxf1 Qd1#) (30. Kh1 h5 31. gxh5 Nxh5 32. g3 Re5 $1 33. Rg1 (33. Kg2 Nxg3
34. Kxg3 Qf4+ 35. Kh3 g4+ $19) 33... Nxg3+ $3 34. Rxg3 Re1+ 35. Kh2 (35. Kg2
Rg1+ 36. Kh2 Qf2+ 37. Kh3 Rh1+ 38. Kg4 Qd4+ $19) 35... Qf2+ 36. Kh3 Rh1+ 37.
Kg4 Qd4+ 38. Be4 (38. f4 Rh4+ 39. Kf3 Rxf4+ $19) (38. Kxg5 Qf6+ 39. Kg4 Rh4#)
38... Rh4+ 39. Kxg5 Qf6#) 30... h5 31. gxh5 Qh4+ (31... Nxh5 32. g3 $13) (31...
Rh8 $2 32. g4 Nxg4+ 33. fxg4 Qxg4 34. Qe5+ {Uhlmann}) 32. Kg1 Nxh5 33. Qb6 (33.
cxd5 Qd4+ 34. Kh2 Rh8 $19) (33. Qc5 Ng3 34. cxd5 Nxf1 35. Bxf1 Qb4 $17) 33...
Ng3 (33... dxc4 $6 34. Be4 Ng3 35. Qd4+ Kg8 36. Re1) 34. cxd5 (34. Rb1 $5 dxc4
35. Bf1 Qf4 $17) 34... Nxf1 (34... Re2 $2 35. Qb2+ $1 $10) 35. Bxf1 (35. Qb2+
Kg8 36. Bxf1 Qf4 $19) 35... Qb4 36. Qxb4 axb4 37. Bb5 (37. Kf2 Rc8 38. Bd3 Kf6
39. g4 Ke5 40. Be4 Kd4 41. Ke2 Ra8 42. Kd2 Kc5 43. Kd3 Ra3+ 44. Kd2 Rxa2 45.
Kd3 Ra3+ 46. Kd2 Ra6 47. Kd3 Rh6 48. Ke3 Kc4 49. Kd2 Kd4 50. Ke2 Rh2+ 51. Kf1
Ke3 52. Kg1 Rd2 53. Kf1 (53. Bd3 b3 $19) 53... f5 54. gxf5 g4 55. Ke1 Re2+ 56.
Kf1 gxf3 $19 57. f6 {Uhlmann} f2) (37. Bc4 Kf6 38. Kf2 Rc8 39. Bb3 Ke5 40. Ke3
f5 41. g3 Rc3+ 42. Ke2 f4 43. gxf4+ gxf4 44. Kf2 Rc7 45. Kg2 Rg7+ 46. Kf2 Kd4
47. Ke2 Rg2+ 48. Kf1 Rd2 49. Ke1 Ke3 $19 {Uhlmann}) 37... Re1+ $6 (37... Rc8 $5
38. Bc6 Kf6 39. Kf2 Ke5 40. Ke3 Rc7 41. Kd3 Ra7 42. Kc4 Rxa2 43. Kb3 Ra1 44.
Kxb4 Kd6 $17) (37... Re5 $142 38. Bc4 (38. Bc6 Kf8 (38... f5 39. Kf2 f4 $17 (
39... Kf6 40. f4 gxf4 41. Kf3 Re4 42. d6 Rd4 43. d7)) 39. Kf2 (39. d6 Re6 40.
d7 Ke7 41. Ba4 Ra6 42. Bb3 f5 $17) 39... Ke7 40. Kg3 f5 $19 (40... Kd6 $19))
38... Kf8 39. d6 f6 (39... f5 $5) 40. Bb3 Ke8 41. Ba4+ Kd8 42. Kf2 Ra5 43. Bb3
Kd7 44. Ke3 Kxd6 45. Kd4 Rc5 $17) 38. Kf2 Rd1 39. Bd3 Kf6 40. Ke2 Rg1 (40...
Ra1 41. Bc4 Ke5 42. d6) (40... Rh1 $5 41. d6) 41. Kf2 $2 (41. g4 $1 Ke5 42. Be4
Ra1 (42... Kd6 43. Kd3 Kc5 44. c3 $10 {Uhlmann}) 43. Kd3 Rxa2 44. Kc4 Rb2 45.
Bd3 {Uhlmann}) 41... Rc1 $1 (41... Ra1 42. d6 (42. Bc4 Rd1 43. Ke3 Ke5 44. d6
f6 45. Bd3 $17) (42. Ke3 Ke5 43. Bc4 f5 44. g3 Re1+ 45. Kf2 Rh1 $17 {Uhlmann})
42... Rxa2 43. Ke3 $17) 42. d6 (42. Kg3 $5 Ke5 43. d6 $1 (43. Kg4 Rg1 44. g3
Kxd5 (44... f6 45. Bc4 (45. Be4 Ra1) 45... f5+ $19) 45. Kxg5 Rxg3+ 46. Kf4 Rg1
$19) 43... Kxd6 44. Kg4 Rg1 (44... f6 45. Kf5 Ke7 46. Ke4 $17) 45. Kxg5 Rxg2+
46. Kf6 Rf2 47. Be4 Rf1 48. Kxf7 Ke5 49. Ke7 Ra1 50. Kd7 Rxa2 51. Kc6 Kd4 52.
Kb5 Kc3 53. f4 Ra1 54. Kc5 Ra5+ 55. Kd6 Kd4 $19) (42. g4 Ke5 43. Be4 Kd6 $1 (
43... Ra1 44. Ke3 Rxa2 45. Kd3 Ra8 46. Kc4 Rb8 47. Kc5 b3 48. cxb3 Rxb3 49. Kc6
{Uhlmann=/+ Schach Report 7/1992}) (43... Rd1 $5 44. Ke2 $1 Rd4 45. Ke3 f6 (
45... Rc4 46. Kd3 (46. Kd2 $1 Rc3 47. Kc1) 46... Rc3+ 47. Kd2 Ra3 48. Ke2 f6
49. Kd2 Kd6 50. Ke2 Kc5 $19) 46. Kf2 $1 Kd6 (46... Kf4 47. Ke2) 47. Ke3 Kc5 48.
f4 Rc4 $19) 44. Ke3 Kc5 45. Kd2 (45. Kd3 Rd1+ 46. Ke3 Ra1 47. f4 Re1+ $19)
45... Ra1 $19) 42... Ke6 43. Bc4+ Kxd6 44. Bxf7 Rxc2+ 45. Kg3 Ke5 $19 46. Bb3
Rd2 47. Bg8 Kd4 48. Bb3 Ke3 49. Bc4 Rd4 50. Bb5 (50. Bb3 Ke2) 50... Kd2 51. Kh3
Ke1 52. Kg3 Rd5 53. Ba6 (53. Bc4 Rd2 $19) 53... Rd2 54. Bc4 Rc2 55. Bb3 Rf2 $1
56. Kh2 (56. Bc4 Rd2 $19 {(.)}) 56... Rd2 57. Kg1 Ke2 58. Bc4+ Ke3 59. Bb3 Kf4
60. Kh2 Rd6 0-1